A practical guide to the Wiring Regulations BS 7671 (Record no. 102650)

MARC details
000 -LEADER
fixed length control field 00956cam a2200241 4500
008 - FIXED-LENGTH DATA ELEMENTS--GENERAL INFORMATION
fixed length control field 000000n2003 000 0 eng u
020 ## - INTERNATIONAL STANDARD BOOK NUMBER
International Standard Book Number 0632058986
035 ## - SYSTEM CONTROL NUMBER
System control number (Sirsi) u121308
041 ## - LANGUAGE CODE
Language code of text/sound track or separate title eng.
050 ## - LIBRARY OF CONGRESS CALL NUMBER
Classification number 621.31042
-- 18
100 ## - MAIN ENTRY--PERSONAL NAME
Personal name Stokes, Geoffrey
245 #2 - TITLE STATEMENT
Title A practical guide to the Wiring Regulations BS 7671
250 ## - EDITION STATEMENT
Edition statement 3rd ed.
260 ## - PUBLICATION, DISTRIBUTION, ETC.
Place of publication, distribution, etc. Oxford
Name of publisher, distributor, etc. Blackwell Scence
Date of publication, distribution, etc. 2003
300 ## - PHYSICAL DESCRIPTION
Extent xxi, 550p.
Other physical details ill.
Dimensions 25cm.
350 ## - PRICE (NR) (BK AM CF MU VM SE) [OBSOLETE]
Price 39.50
520 ## - SUMMARY, ETC.
Summary, etc. A practical guide to the Wiring Regulations BS 7671: 2001. The text features: worked design examples; tabular material and checklists; detailed coverage of the subjects of inspection, testing, verification, certification and reporting; NICEIC specimen certificates and other forms; and guidance on specialised installations.
650 ## - SUBJECT ADDED ENTRY--TOPICAL TERM
Topical term or geographic name entry element BS 7671: 2001
650 ## - SUBJECT ADDED ENTRY--TOPICAL TERM
Topical term or geographic name entry element ELECTRICAL INSTALLATION
650 ## - SUBJECT ADDED ENTRY--TOPICAL TERM
Topical term or geographic name entry element IEE WIRING REGULATIONS
690 ## - LOCAL SUBJECT ADDED ENTRY--TOPICAL TERM (OCLC, RLIN)
Topical term or geographic name as entry element BUILT ENVIRONMENT
942 ## - ADDED ENTRY ELEMENTS (KOHA)
Suppress in OPAC 0
Holdings
Withdrawn status Lost status Source of classification or shelving scheme Damaged status Not for loan Home library Current library Shelving location Date acquired Cost, normal purchase price Total Checkouts Full call number Barcode Date last seen Date last checked out Copy number Cost, replacement price Price effective from Koha item type
    Dewey Decimal Classification     London London Books 25/02/2003 33.57 7 621.31042 STO 30068414 06/08/2019 26/04/2005 1 33.57 06/08/2019 Book